| 000 -LEADER |
| fixed length control field |
02073cam a2200253 a 4500 |
| 003 - CONTROL NUMBER IDENTIFIER |
| control field |
OSt |
| 005 - DATE AND TIME OF LATEST TRANSACTION |
| control field |
20200316171720.0 |
| 008 - FIXED-LENGTH DATA ELEMENTS--GENERAL INFORMATION |
| fixed length control field |
070710s2007 mnua b s000 0 eng |
| 020 ## - INTERNATIONAL STANDARD BOOK NUMBER |
| International Standard Book Number |
9780816652648 (pb : alk. paper) |
| 040 ## - CATALOGING SOURCE |
| Original cataloging agency |
DLC |
| Transcribing agency |
DLC |
| Modifying agency |
BTCTA |
| -- |
BAKER |
| -- |
YDXCP |
| -- |
C#P |
| -- |
BWX |
| -- |
CDX |
| -- |
PMC |
| -- |
DLC |
| 082 00 - DEWEY DECIMAL CLASSIFICATION NUMBER |
| Classification number |
724.7 |
| Edition number |
22 |
| Item number |
SAU |
| 245 04 - TITLE STATEMENT |
| Title |
The new architectural pragmatism : |
| Remainder of title |
a Harvard design magazine reader / |
| Statement of responsibility, etc |
William S. Saunders, editor. |
| 260 ## - PUBLICATION, DISTRIBUTION, ETC. (IMPRINT) |
| Place of publication, distribution, etc |
Minneapolis : |
| Name of publisher, distributor, etc |
University of Minnesota Press, |
| Date of publication, distribution, etc |
c2007. |
| 300 ## - PHYSICAL DESCRIPTION |
| Extent |
xvii, 201 p. : |
| Other physical details |
ill. ; |
| Dimensions |
24 cm. |
| 440 #0 - SERIES STATEMENT/ADDED ENTRY--TITLE |
| Title |
Harvard design magazine readers ; |
| Volume number/sequential designation |
5 |
| 504 ## - BIBLIOGRAPHY, ETC. NOTE |
| Bibliography, etc |
Includes bibliographical references. |
| 505 0# - FORMATTED CONTENTS NOTE |
| Formatted contents note |
Introduction : Accept, resist, or inflect? Architecture and contemporary capitalism / William S. Saunders -- A scientific autobiography, 1982-2004 : Madrid, Harvard, OMA, the AA, Yokohama, the globe / Alejandro Zaera-Polo -- Notes around the Doppler effect and other moods of modernism / Robert Somol and Sarah Whiting -- Starck speaks : politics, pleasure, and play / Philippe Starck -- P.S./P.C. : on " Starck speaks" / K. Michael Hays -- No more dreams? The passion for reality in recent Dutch architecture...and its limitations / Roemer van Toorn -- No more tabula rasa : progressive architectural practices in England / Lucy Bullivant -- Not unlike life itself : landscape strategy now / James Corner -- On not being governed / Dave Hickey -- Stocktaking 2004 : questions about the present and future of design / Stan Allen, Hal Foster, and Kenneth Frampton -- "Criticality" and its discontents / George Baird -- Critical of what? Toward a utopian realism / Reinhold Martin -- Design will save the world! On Bruce Mau's Massive change and the mediatization of culture / Robert Levit and Evonne Levy -- The muses are not amused : pandemonium in the house of architecture / Jorge Silvetti. |
| 650 #0 - SUBJECT ADDED ENTRY--TOPICAL TERM |
| Topical term or geographic name as entry element |
Architecture and society. |
| 650 #0 - SUBJECT ADDED ENTRY--TOPICAL TERM |
| Topical term or geographic name as entry element |
Architecture, Postmodern. |
| 650 #0 - SUBJECT ADDED ENTRY--TOPICAL TERM |
| Topical term or geographic name as entry element |
Architectural criticism. |
| 700 1# - ADDED ENTRY--PERSONAL NAME |
| Personal name |
Saunders, William S. |
| 730 0# - ADDED ENTRY--UNIFORM TITLE |
| Uniform title |
Harvard design magazine. |
| 942 ## - ADDED ENTRY ELEMENTS (KOHA) |
| Source of classification or shelving scheme |
|